| 000 | 00401nam a2200157Ia 4500 | ||
|---|---|---|---|
| 008 | 160316s1994 xxu||||| |||| 00| 0 eng d | ||
| 082 |
_a345.000000 _bSIN |
||
| 100 | _aSingh Jaspal | ||
| 245 | _aIndian penal code | ||
| 250 | _a3rd | ||
| 260 |
_aAllahabad _bAllahabad Law Agency _c1994 |
||
| 300 |
_a483p _b _cxxii |
||
| 365 | _bRs.120/- | ||
| 650 | _a1.Criminal Law - Indian Penal Code | ||
| 700 |
_a _a |
||
| 999 |
_c7747 _d7747 |
||